Trenčianske noviny orgán OV KSS a ONV v Trenčíne
| New Title: | MY - Nezávislé noviny pre vašu obec, mesto a región (Trenčín, Dubnica nad Váhom, Myjava, Nové Mesto nad Váhom) |
|---|---|
| Previous Title: | Roľnícke noviny Hlas novej dediny (Bánovce nad Bebravou) |
| Format: | Newspaper |
| Language: | Slovak |
| PhysicalDescription: | 62 zv. 39-43 cm |
| Published: |
Trenčín
OV KSS Rada ONV
1960-2021
Trenčín TNK Trenčín Združenie podnikateľov Trenčianske noviny Trenčín Trenčianske noviny, spol. s r. o. Trenčín TN-PRESS, spol. s r.o Nitra Petit Press |
| ISSN: | 0139-5068 |
| Subjects: |
MARC
| LEADER | 00000cas a2200000 a 4500 | ||
|---|---|---|---|
| 001 | vtls010299925 | ||
| 003 | SK-MaSNL | ||
| 005 | 20260425194155.0 | ||
| 008 | 141217d19602021xo wr ne 0 b0slo | ||
| 022 | |a 0139-5068 | ||
| 040 | |a SNK |b slo |c SNK |e AACR2 | ||
| 041 | 0 | |a slo | |
| 043 | |a e-xo--- | ||
| 044 | |a xo |c SK | ||
| 072 | 7 | |a 352/354 |x Stupne miestnej, oblastnej a ústrednej správy |2 konspekt | |
| 072 | 7 | |a 316.7 |x Sociológia kultúry. Kultúrny život |2 konspekt | |
| 072 | 7 | |a 394 |x Verejný a spoločenský život. Každodenný život |2 konspekt | |
| 080 | |a 316.728 |2 2011 | ||
| 080 | |a 352 |2 2011 | ||
| 080 | |a (437.6) |2 2011 | ||
| 080 | |a (051)+(054)(437.6) |2 2011 | ||
| 080 | |a 050 |2 2001 | ||
| 080 | |a 394 |2 2011 | ||
| 210 | 0 | |a Trenč. nov. | |
| 222 | 0 | |a Trenčianske noviny | |
| 245 | 0 | 0 | |a Trenčianske noviny |b orgán OV KSS a ONV v Trenčíne |
| 246 | 1 | 3 | |a My Trenčianske noviny |f č. 30 (2005)-č. 20 (2019) |
| 246 | 1 | 3 | |a My Trenčianske noviny - Trenčín, Bánovce n/Bebravou, Nové mesto n/v, Myjava |f č. 21 (2019)-č. 34/2021 |
| 260 | |a Trenčín |b OV KSS |b Rada ONV |c 1960-2021 | ||
| 260 | 2 | |3 27/1991-39/1992 |a Trenčín |b TNK | |
| 260 | 2 | |3 40/1992-6/1995 |a Trenčín |b Združenie podnikateľov Trenčianske noviny | |
| 260 | 2 | |3 7/1995-14/1999 |a Trenčín |b Trenčianske noviny, spol. s r. o. | |
| 260 | 2 | |3 15/1999-[200-] |a Trenčín |b TN-PRESS, spol. s r.o | |
| 260 | 3 | |3 [200-]-2021 |a Nitra |b Petit Press | |
| 300 | |a 62 zv. |c 39-43 cm | ||
| 310 | |a 1x týždenne | ||
| 362 | 0 | |a Roč. I, č. 1 (1960)-roč. 62, č. 34 (2021) | |
| 500 | |a Podnázov v tiráži sa mení | ||
| 500 | |a Reg. číslo: 2451/2000, od č. 36 (2007) uvedené reg. č. 2452/2000 | ||
| 500 | |a Evidenčné číslo MK SR: EV 2803/08 | ||
| 500 | |a Nadviazal na Roľnícke noviny. Po územnej reorganizácii prevzal čiastočne aj náplň okr. novín Hlas novej dediny (Bánovce nad Bebravou) | ||
| 500 | |a Patrí do siete regionálnych novín MY, vydavateľskej skupiny Petit Press | ||
| 500 | |a Šéfredaktori sa menia | ||
| 525 | |a Má samostatne stránkované rôzne monotématické prílohy | ||
| 525 | |a Súčasťou sú prílohy na rôznu tému | ||
| 650 | 0 | 7 | |a územná samospráva |2 SNKPH |9 802 |
| 650 | 0 | 7 | |a spoločenský život |2 SNKPH |9 28654 |
| 650 | 0 | 7 | |a každodenný život |2 SNKPH |9 4946 |
| 651 | 7 | |a Nové Mesto nad Váhom (Slovensko) |2 SNKPHgeo |9 28941 | |
| 651 | 7 | |a Myjava (Slovensko) |2 SNKPHgeo |9 39468 | |
| 651 | 7 | |a Bánovce nad Bebravou (Slovensko) |2 SNKPHgeo |9 30527 | |
| 651 | 7 | |a Dubnica nad Váhom (Slovensko) |2 SNKPHgeo |9 58303 | |
| 651 | 7 | |a Trenčín (Slovensko) |2 SNKPHgeo |9 159956 | |
| 655 | 7 | |a regionálne periodiká |2 SNKPH |9 131775 | |
| 770 | 0 | |t Žatevné trenčianske noviny | |
| 770 | 0 | |t Fotelka | |
| 770 | 0 | |t My magazín | |
| 780 | 0 | 0 | |t Roľnícke noviny |w vtls010302103 |
| 780 | 0 | 5 | |t Hlas novej dediny (Bánovce nad Bebravou) |w vtls010301287 |
| 785 | |t MY - Nezávislé noviny pre vašu obec, mesto a región (Trenčín, Dubnica nad Váhom, Myjava, Nové Mesto nad Váhom) |w vtls012131566 | ||
| 910 | |a snk | ||
| 916 | |a 1960-2013, 2014-2021 | ||
| 999 | |c 5902 |d 7832 | ||
| 952 | |t č. 1-52 |a SNK |b SNK |y PREZ |7 0 |p 17A0218323 |o snkČSA 624/8/1967 D1 |0 0 |1 0 |4 0 |d 1999-11-16 |l 0 |r 2005-01-02 00:00:00 |w 2026-02-21 | ||
| 952 | |t č. 1-25 |a SNK |b SNK |y PREZ |7 0 |p 17A1047061 |o snkČSA 624/54/2013/1 |i snk2014/27437 |8 0 |f 1 |0 0 |1 0 |4 0 |d 2014-12-09 |l 0 |r 2026-02-21 19:33:17 |w 2026-02-21 | ||
| 952 | |t č. 27-51 + 7 príl. |a SNK |b SNK |y PREZ |7 0 |p 17A1433463 |o snkČSA 624/61/2020/2 |i snk2021/5415 |8 0 |z Príl.: v č. 31 - Kompas fanúšika, č. 31 - Mesto Nemšová, č. 36 - Zábavné úlohy, č. 43 - Krížovkársky špeciál, č. 49 - Vianočné úlohy, Vzdelávanie, č. 50-51 - MY magazín + TV program, Lišiak |f 1 |0 0 |1 0 |4 0 |d 2021-05-21 |l 0 |r 2026-02-21 19:41:32 |w 2026-02-21 | ||
| 952 | |t č. 1-52 |a SNK |b SNK |y PREZ |7 0 |p 17A0771333 |o snkČSA 624/4/1963 |i snkČSP 482/64 |f 1 |0 0 |1 0 |4 0 |d 2014-12-09 |l 0 |r 2026-02-21 19:56:24 |w 2026-02-21 | ||
| 952 | |t č. 1-52 |a SNK |b SNK |y PREZ |7 0 |p 17A0771314 |o snkČSA 624/5/1964 |i snkČSP 427/65 |f 1 |0 0 |1 0 |4 0 |d 2014-12-09 |l 0 |r 2026-02-21 19:56:24 |w 2026-02-21 | ||
| 952 | |t č. 1-52 |a SNK |b SNK |y PREZ |7 0 |p 17A0530218 |o snkČSA 624/8/1967 |i snkČSP 97/68 |f 1 |3 rekatalogizácia |0 0 |1 0 |4 0 |d 2006-11-24 |l 0 |r 2026-02-21 20:04:40 |w 2026-02-21 | ||
| 952 | |t č. 1-52 |a SNK |b SNK |y PREZ |7 0 |p 17A0527543 |o snkČSA 624/30/1989 |i snkČSP 2521/90 |f 1 |3 rekatalogizácia |0 0 |1 0 |4 0 |d 2006-10-31 |l 0 |r 2026-02-21 20:05:16 |w 2026-02-21 | ||
| 952 | |t č. 26-51 |a SNK |b SNK |y PREZ |7 0 |p 17A1047062 |o snkČSA 624/54/2013/2 |i snk2014/27440 |8 0 |f 1 |0 0 |1 0 |4 0 |d 2014-12-09 |l 0 |r 2026-02-21 20:05:35 |w 2026-02-21 | ||
| 952 | |t č. 1-52 |a SNK |b SNK |y PREZ |7 0 |p 17A0708017 |o snkČSA 624/43/2002 D1 |i snkČSP 1198/2004 |0 0 |1 0 |4 0 |d 2011-07-12 |l 0 |r 2026-02-21 20:06:47 |w 2026-02-21 | ||
| 952 | |t č. 1-52 |a SNK |b SNK |y PREZ |7 0 |p 17A0708016 |o snkČSA 624/17/1976 D1 |i snkČSP 822/77 |0 0 |1 0 |4 0 |d 2011-07-12 |l 0 |r 2026-02-21 20:06:47 |w 2026-02-21 | ||
| 952 | |t č. 1-52 |a SNK |b SNK |y PREZ |7 0 |p 17A0708481 |o snkČSA 624/18/1977 D1 |i snkČSP 1390/77 |0 0 |1 0 |4 0 |d 2011-07-12 |l 0 |r 2026-02-21 20:06:47 |w 2026-02-21 | ||
| 952 | |t č. 1-52 |a SNK |b SNK |y PREZ |7 0 |p 17A0708259 |o snkČSA 624/25/1984 D1 |i snkČSP 149/85 |0 0 |1 0 |4 0 |d 2011-08-03 |l 0 |r 2026-02-21 20:08:46 |w 2026-02-21 | ||
| 952 | |t č. 1-52,neúpl. |a SNK |b SNK |y PREZ |7 0 |p 17A0708716 |o snkČSA 624/41/2000 D1 |i snkČSP 1767/2004 |z chýba č. 30, 41-43 |0 0 |1 0 |4 0 |d 2011-08-03 |l 0 |r 2026-02-21 20:08:58 |w 2026-02-21 | ||
| 952 | |t č. 1-52 |a SNK |b SNK |y PREZ |7 0 |p 17A0515645 |o snkČSA 624/28/1987 |i snkČSP 1149/88 |f 1 |0 0 |1 0 |4 0 |d 2006-08-18 |l 0 |r 2026-02-21 20:14:43 |w 2026-02-21 | ||
| 952 | |t č. 1-52 |a SNK |b SNK |y PREZ |7 0 |p 17A0557572 |o snkČSA 624/39/1998 D1 |i snkČSP 749/99 |3 rekatalogizácia |0 0 |1 0 |4 0 |d 2007-08-09 |l 0 |r 2026-02-21 20:14:45 |w 2026-02-21 | ||
| 952 | |t č. 1-51 |a SNK |b SNK |y PREZ |7 0 |p 17A0698813 |o snkČSA 624/42/2001 D1 |i snkČSP 1196/2004 |0 0 |1 0 |4 0 |d 2011-09-19 |l 0 |r 2026-02-21 20:16:59 |w 2026-02-21 | ||
| 952 | |t č. 1-34 +príl., neúplné |a SNK |b SNK |y PREZ |7 0 |p 17A1464832 |o snkČSA 624/62/2021 |i snk2022/17157 |8 0 |z Chýba č. 33 ; Volné prílohy:Môj náučný a zábavný zošit č. 21, Leto v kocke č. 26, Kompas pre fanúčika č. 30, Kariera v kocke č. 34 ; ; |f 1 |0 0 |1 0 |4 0 |d 2022-11-16 |l 0 |r 2026-02-21 20:17:55 |w 2026-02-21 | ||
| 952 | |t č. 1-52 |a SNK |b SNK |y PREZ |7 0 |p 17A0771341 |o snkČSA 624/15/1974 |i snkČSP 1213/76 |f 1 |0 0 |1 0 |4 0 |d 2014-12-10 |l 0 |r 2026-02-21 20:20:54 |w 2026-02-21 | ||
| 952 | |t č. 1-52,neúpl. |a SNK |b SNK |y PREZ |7 0 |p 17A1047063 |o snkČSA 624/16/1975 |i snkČSP 171/77 |z chýba č. 11,13 |f 1 |0 0 |1 0 |4 0 |d 2014-12-10 |l 0 |r 2026-02-21 20:20:54 |w 2026-02-21 | ||
| 952 | |t č. 1-52 |a SNK |b SNK |y PREZ |7 0 |p 17A0771368 |o snkČSA 624/17/1976 |i snkČSP 821/77 |f 1 |0 0 |1 0 |4 0 |d 2014-12-10 |l 0 |r 2026-02-21 20:20:54 |w 2026-02-21 | ||
| 952 | |t č. 1-52 |a SNK |b SNK |y PREZ |7 0 |p 17A0771370 |o snkČSA 624/18/1977 |i snkČSP 1389/77 |f 1 |0 0 |1 0 |4 0 |d 2014-12-10 |l 0 |r 2026-02-21 20:20:54 |w 2026-02-21 | ||
| 952 | |t č. 1-52 |a SNK |b SNK |y PREZ |7 0 |p 17A0787822 |o snkČSA 624/26/1985 |i snkČSP 1295/86 |f 1 |0 0 |1 0 |4 0 |d 2014-12-10 |l 0 |r 2026-02-21 20:20:55 |w 2026-02-21 | ||
| 952 | |t č. 1-49 |a SNK |b SNK |y PREZ |7 0 |p 17A0771335 |o snkČSA 624/7/1966 |i snkČSP 997/73 |f 1 |0 0 |1 0 |4 0 |d 2014-12-09 |l 0 |r 2026-02-21 20:20:55 |w 2026-02-21 | ||
| 952 | |t č. 1-53 |a SNK |b SNK |y PREZ |7 0 |p 17A0771367 |o snkČSA 624/3/1962 |i snkČSP 330/63 |f 1 |0 0 |1 0 |4 0 |d 2014-12-09 |l 0 |r 2026-02-21 20:20:56 |w 2026-02-21 | ||
| 952 | |t č. 1-52 |a SNK |b SNK |y PREZ |7 0 |p 17A0887610 |o snkČSA 624/19/1978 D1 |i snkČSP 554/78 |0 0 |1 0 |4 0 |d 2012-04-04 |l 0 |r 2026-02-21 20:23:10 |w 2026-02-21 | ||
| 952 | |t č. 1-52 |a SNK |b SNK |y PREZ |7 0 |p 17A0887611 |o snkČSA 624/4/1963 D1 |0 0 |1 0 |4 0 |d 2012-04-04 |l 0 |r 2026-02-21 20:23:10 |w 2026-02-21 | ||
| 952 | |t č. 1-52 |a SNK |b SNK |y PREZ |7 0 |p 17A0887612 |o snkČSA 624/9/1968 D1 |i snkČSP 526/70 |0 0 |1 0 |4 0 |d 2012-04-04 |l 0 |r 2026-02-21 20:23:10 |w 2026-02-21 | ||
| 952 | |t č. 1-52,neúpl. |a SNK |b SNK |y PREZ |7 0 |p 17A0887613 |o snkČSA 624/1/1960 D1 |i snkČSP 141/62 |z chýba č. 47 |0 0 |1 0 |4 0 |d 2012-04-04 |l 0 |r 2026-02-21 20:23:10 |w 2026-02-21 | ||
| 952 | |t č. 1-52 |a SNK |b SNK |y PREZ |7 0 |p 17A0527536 |o snkČSA 624/35/1994 |i snkČSP 1421/95 |f 1 |3 rekatalogizácia |0 0 |1 0 |4 0 |d 2006-10-31 |l 0 |r 2026-02-21 20:28:58 |w 2026-02-21 | ||
| 952 | |t č. 1-52 |a SNK |b SNK |y PREZ |7 0 |p 17A0888309 |o snkČSA 624/23/1982 D1 |i snkČSP 500/83 |0 0 |1 0 |4 0 |d 2012-07-06 |l 0 |r 2026-02-21 20:30:10 |w 2026-02-21 | ||
| 952 | |t č. 26-51 |a SNK |b SNK |y PREZ |7 0 |p 17A1046508 |o snkČSA 624/50/2009/2 |i snk2013/8803 |8 0 |f 1 |0 0 |1 0 |4 0 |d 2013-04-18 |l 0 |r 2026-02-21 20:31:07 |w 2026-02-21 | ||
| 952 | |t č. 1-25,+1 príl. |a SNK |b SNK |y PREZ |7 0 |p 17A1046509 |o snkČSA 624/51/2010/1 |i snk2013/8808 |8 0 |f 1 |0 0 |1 0 |4 0 |d 2013-04-18 |l 0 |r 2026-02-21 20:31:08 |w 2026-02-21 | ||
| 952 | |t č. 26-51,+1 príl. |a SNK |b SNK |y PREZ |7 0 |p 17A1046510 |o snkČSA 624/51/2010/2 |i snk2013/8809 |8 0 |f 1 |3 t |0 0 |1 0 |4 0 |d 2013-04-18 |l 0 |r 2026-02-21 20:31:08 |w 2026-02-21 | ||
| 952 | |t č. 1-25 |a SNK |b SNK |y PREZ |7 0 |p 17A1046511 |o snkČSA 624/52/2011/1 |i snk2013/8824 |8 0 |f 1 |0 0 |1 0 |4 0 |d 2013-04-18 |l 0 |r 2026-02-21 20:31:08 |w 2026-02-21 | ||
| 952 | |t č. 26-51,+1 príl. |a SNK |b SNK |y PREZ |7 0 |p 17A1046512 |o snkČSA 624/52/2011/2 |i snk2013/8835 |8 0 |f 1 |0 0 |1 0 |4 0 |d 2013-04-18 |l 0 |r 2026-02-21 20:31:08 |w 2026-02-21 | ||
| 952 | |t č. 1-25 |a SNK |b SNK |y PREZ |7 0 |p 17A1046513 |o snkČSA 624/53/2012/1 |i snk2013/8895 |8 0 |f 1 |0 0 |1 0 |4 0 |d 2013-04-18 |l 0 |r 2026-02-21 20:31:08 |w 2026-02-21 | ||
| 952 | |t č. 26-51,+3 príl. |a SNK |b SNK |y PREZ |7 0 |p 17A1046514 |o snkČSA 624/53/2012/2 |i snk2013/8896 |8 0 |f 1 |0 0 |1 0 |4 0 |d 2013-04-18 |l 0 |r 2026-02-21 20:31:08 |w 2026-02-21 | ||
| 952 | |t č. 26-51 |a SNK |b SNK |y PREZ |7 0 |p 17A1046504 |o snkČSA 624/48/2007/2 |i snk2013/8766 |8 0 |f 1 |0 0 |1 0 |4 0 |d 2013-04-17 |l 0 |r 2026-02-21 20:31:08 |w 2026-02-21 | ||
| 952 | |t č. 1-26,+5 príl. |a SNK |b SNK |y PREZ |7 0 |p 17A1046505 |o snkČSA 624/49/2008/1 |i snk2013/8780 |8 0 |f 1 |0 0 |1 0 |4 0 |d 2013-04-17 |l 0 |r 2026-02-21 20:31:09 |w 2026-02-21 | ||
| 952 | |t č. 27-51,+3 príl. |a SNK |b SNK |y PREZ |7 0 |p 17A1046506 |o snkČSA 624/49/2008/2 |i snk2013/8781 |8 0 |f 1 |0 0 |1 0 |4 0 |d 2013-04-17 |l 0 |r 2026-02-21 20:31:09 |w 2026-02-21 | ||
| 952 | |t č. 0-25 |a SNK |b SNK |y PREZ |7 0 |p 17A1046507 |o snkČSA 624/50/2009/1 |i snk2013/8782 |8 0 |f 1 |0 0 |1 0 |4 0 |d 2013-04-17 |l 0 |r 2026-02-21 20:31:09 |w 2026-02-21 | ||
| 952 | |t č. 1-52 |a SNK |b SNK |y PREZ |7 0 |p 17A0787837 |o snkČSA 624/40/1999 |i snkČSP 192/2003 |f 1 |0 0 |1 0 |4 0 |d 2014-12-12 |l 0 |r 2026-02-21 20:38:30 |w 2026-02-21 | ||
| 952 | |t č. 1-52,neúpl. |a SNK |b SNK |y PREZ |7 0 |p 17A0787901 |o snkČSA 624/41/2000 |i snkČSP 1766/2004 |z chýba č. 13,30,42 |f 1 |0 0 |1 0 |4 0 |d 2014-12-12 |l 0 |r 2026-02-21 20:38:30 |w 2026-02-21 | ||
| 952 | |t č. 1-51 |a SNK |b SNK |y PREZ |7 0 |p 17A0771636 |o snkČSA 624/42/2001 |i snkČSP 1195/2004 |f 1 |0 0 |1 0 |4 0 |d 2014-12-12 |l 0 |r 2026-02-21 20:38:30 |w 2026-02-21 | ||
| 952 | |t č. 1-52 |a SNK |b SNK |y PREZ |7 0 |p 17A7633550 |o snkČSA 624/35/1994 D1 |i snkČSP 1422/95 |0 0 |1 0 |4 0 |d 2012-02-21 |l 0 |r 2026-02-21 20:40:22 |w 2026-02-21 | ||
| 952 | |t č. 1-52, neúpl. |a SNK |b SNK |y PREZ |7 0 |p 17A0771334 |o snkČSA 624/6/1965 |i snkČSP 869/76 |z chýba č. 46 |f 1 |0 0 |1 0 |4 0 |d 2014-12-09 |l 0 |r 2026-02-21 20:42:19 |w 2026-02-21 | ||
| 952 | |t č. 1-52 |a SNK |b SNK |y PREZ |7 0 |p 17A0787863 |o snkČSA 624/36/1995 |i snkČSP 1642/96 |f 1 |0 0 |1 0 |4 0 |d 2014-12-10 |l 0 |r 2026-02-21 20:42:27 |w 2026-02-21 | ||
| 952 | |t č. 1-52 |a SNK |b SNK |y PREZ |7 0 |p 17A0787784 |o snkČSA 624/39/1998 |i snkČSP 748/99 |f 1 |0 0 |1 0 |4 0 |d 2014-12-10 |l 0 |r 2026-02-21 20:42:27 |w 2026-02-21 | ||
| 952 | |t č. 1-52 |a SNK |b SNK |y PREZ |7 0 |p 17A0557571 |o snkČSA 624/26/1985 D1 |i snkČSP 1296/86 |3 rekatalogizácia |0 0 |1 0 |4 0 |d 2007-08-09 |l 0 |r 2026-02-21 20:48:58 |w 2026-02-21 | ||
| 952 | |t č. 1-52 |a SNK |b SNK |y PREZ |7 0 |p 17A0557533 |o snkČSA 624/28/1987 D1 |i snkČSP 1150/88 |3 rekatalogizácia |0 0 |1 0 |4 0 |d 2007-08-09 |l 0 |r 2026-02-21 20:48:58 |w 2026-02-21 | ||
| 952 | |t č. 1-52 |a SNK |b SNK |y PREZ |7 0 |p 17A0557573 |o snkČSA 624/38/1997 |i snkČSP 746/99 |f 1 |3 rekatalogizácia |0 0 |1 0 |4 0 |d 2007-08-09 |l 0 |r 2026-02-21 20:48:58 |w 2026-02-21 | ||
| 952 | |t č. 1-26 |a SNK |b SNK |y PREZ |7 0 |p 17A0548810 |o snkČSA 624/44/2003/1 |i snk2007/18272 |8 0 |f 1 |0 0 |1 0 |4 0 |d 2007-08-02 |l 0 |r 2026-02-21 21:00:39 |w 2026-02-21 | ||
| 952 | |t č. 27-51 |a SNK |b SNK |y PREZ |7 0 |p 17A0548811 |o snkČSA 624/44/2003/2 |i snk2007/18273 |8 0 |f 1 |0 0 |1 0 |4 0 |d 2007-08-02 |l 0 |r 2026-02-21 21:00:39 |w 2026-02-21 | ||
| 952 | |t č. 1-26 |a SNK |b SNK |y PREZ |7 0 |p 17A0548812 |o snkČSA 624/45/2004/1 |i snk2007/18274 |8 0 |f 1 |0 0 |1 0 |4 0 |d 2007-08-02 |l 0 |r 2026-02-21 21:00:39 |w 2026-02-21 | ||
| 952 | |t č. 27-52 |a SNK |b SNK |y PREZ |7 0 |p 17A0548813 |o snkČSA 624/45/2004/2 |i snk2007/18276 |8 0 |z Od č. 44- sieť MY |f 1 |0 0 |1 0 |4 0 |d 2007-08-02 |l 0 |r 2026-02-21 21:00:39 |w 2026-02-21 | ||
| 952 | |t č. 1-25 |a SNK |b SNK |y PREZ |7 0 |p 17A0548814 |o snkČSA 624/46/2005/1 |i snk2007/18278 |8 0 |f 1 |0 0 |1 0 |4 0 |d 2007-08-02 |l 0 |r 2026-02-21 21:00:39 |w 2026-02-21 | ||
| 952 | |t č. 26-51 |a SNK |b SNK |y PREZ |7 0 |p 17A0548815 |o snkČSA 624/46/2005/2 |i snk2007/18279 |8 0 |z Od č. 30- MY- Trenč. nov. |f 1 |0 0 |1 0 |4 0 |d 2007-08-02 |l 0 |r 2026-02-21 21:00:39 |w 2026-02-21 | ||
| 952 | |t č. 1-25 |a SNK |b SNK |y PREZ |7 0 |p 17A0548816 |o snkČSA 624/47/2006/1 |i snk2007/18280 |8 0 |f 1 |0 0 |1 0 |4 0 |d 2007-08-02 |l 0 |r 2026-02-21 21:00:39 |w 2026-02-21 | ||
| 952 | |t č. 26-51 |a SNK |b SNK |y PREZ |7 0 |p 17A0548817 |o snkČSA 624/47/2006/2 |i snk2007/18281 |8 0 |f 1 |0 0 |1 0 |4 0 |d 2007-08-02 |l 0 |r 2026-02-21 21:00:39 |w 2026-02-21 | ||
| 952 | |t č. 1-52 |a SNK |b SNK |y PREZ |7 0 |p 17A0530275 |o snkČSA 624/40/1999 D1 |i snkČSP 193/2003 |0 0 |1 0 |4 0 |d 2006-11-21 |l 0 |r 2026-02-21 21:09:48 |w 2026-02-21 | ||
| 952 | |t č. 1-52 |a SNK |b SNK |y PREZ |7 0 |p 17A0771342 |o snkČSA 624/19/1978 |i snkČSP 553/78 |f 1 |0 0 |1 0 |4 0 |d 2014-12-10 |l 0 |r 2026-02-21 21:11:46 |w 2026-02-21 | ||
| 952 | |t č. 1-52 |a SNK |b SNK |y PREZ |7 0 |p 17A0787819 |o snkČSA 624/22/1981 |i snkČSP 23/82 |f 1 |0 0 |1 0 |4 0 |d 2014-12-10 |l 0 |r 2026-02-21 21:11:46 |w 2026-02-21 | ||
| 952 | |t č. 1-52 |a SNK |b SNK |y PREZ |7 0 |p 17A0787820 |o snkČSA 624/23/1982 |i snkČSP 499/83 |f 1 |0 0 |1 0 |4 0 |d 2014-12-10 |l 0 |r 2026-02-21 21:11:46 |w 2026-02-21 | ||
| 952 | |t č. 1-52 |a SNK |b SNK |y PREZ |7 0 |p 17A0787821 |o snkČSA 624/24/1983 |i snkČSP 166/84 |f 1 |0 0 |1 0 |4 0 |d 2014-12-10 |l 0 |r 2026-02-21 21:11:46 |w 2026-02-21 | ||
| 952 | |t č. 1-52 |a SNK |b SNK |y PREZ |7 0 |p 17A0787851 |o snkČSA 624/34/1993 |i snkČSP 3028/94 |f 1 |0 0 |1 0 |4 0 |d 2014-12-10 |l 0 |r 2026-02-21 21:11:47 |w 2026-02-21 | ||
| 952 | |t č. 1-52,neúpl. |a SNK |b SNK |y PREZ |7 0 |p 17A0771336 |o snkČSA 624/12/1971 |i snkČSP 60/75 |z chýba č. 46 |f 1 |0 0 |1 0 |4 0 |d 2014-12-09 |l 0 |r 2026-02-21 21:11:47 |w 2026-02-21 | ||
| 952 | |t č. 1-52 |a SNK |b SNK |y PREZ |7 0 |p 17A0787889 |o snkČSA 624/29/1988 |i snkČSP 461/89 |f 1 |0 0 |1 0 |4 0 |d 2014-12-10 |l 0 |r 2026-02-21 21:11:47 |w 2026-02-21 | ||
| 952 | |t č. 1-52 |a SNK |b SNK |y PREZ |7 0 |p 17A0787895 |o snkČSA 624/31/1990 |i snkČSP 2241/91 |f 1 |0 0 |1 0 |4 0 |d 2014-12-10 |l 0 |r 2026-02-21 21:11:47 |w 2026-02-21 | ||
| 952 | |t č. 1-51 |a SNK |b SNK |y PREZ |7 0 |p 17A0787783 |o snkČSA 624/32/1991 |i snkČSP 1670/92 |f 1 |0 0 |1 0 |4 0 |d 2014-12-10 |l 0 |r 2026-02-21 21:11:48 |w 2026-02-21 | ||
| 952 | |t č. 1-52 |a SNK |b SNK |y PREZ |7 0 |p 17A0787778 |o snkČSA 624/33/1992 |i snkČSP 1951/93 |f 1 |0 0 |1 0 |4 0 |d 2014-12-10 |l 0 |r 2026-02-21 21:11:48 |w 2026-02-21 | ||
| 952 | |t č. 1-25 |a SNK |b SNK |y PREZ |7 0 |p 17A1046503 |o snkČSA 624/48/2007/1 |i snk2013/8736 |8 0 |f 1 |0 0 |1 0 |4 0 |d 2013-04-17 |l 0 |r 2026-02-21 21:13:07 |w 2026-02-21 | ||
| 952 | |t č. 1-52 |a SNK |b SNK |y PREZ |7 0 |p 17A0771316 |o snkČSA 624/14/1973 |i snkČSP 427/74 |f 1 |0 0 |1 0 |4 0 |d 2014-12-09 |l 0 |r 2026-02-21 21:14:11 |w 2026-02-21 | ||
| 952 | |t č. 1-52, + mim.č. |a SNK |b SNK |y PREZ |7 0 |p 17A0771315 |o snkČSA 624/9/1968 |z prír. č. orezané ; č. 34 má mim. č. - 34a,34b,34c,34d |f 1 |0 0 |1 0 |4 0 |d 2014-12-09 |l 0 |r 2026-02-21 21:14:12 |w 2026-02-21 | ||
| 952 | |t č. 1-52 |a SNK |b SNK |y PREZ |7 0 |p 17A0771339 |o snkČSA 624/13/1972 |i snkČSP 837/73 |f 1 |0 0 |1 0 |4 0 |d 2014-12-09 |l 0 |r 2026-02-21 21:14:13 |w 2026-02-21 | ||
| 952 | |t č. 1-52,neúpl. |a SNK |b SNK |y PREZ |7 0 |p 17A0771332 |o snkČSA 624/1/1960 |i snkČSP 142/62 |z chýba č. 44 |f 1 |0 0 |1 0 |4 0 |d 2014-12-09 |l 0 |r 2026-02-21 21:14:13 |w 2026-02-21 | ||
| 952 | |t č. 1-54 |a SNK |b SNK |y PREZ |7 0 |p 17A0771340 |o snkČSA 624/2/1961 |i snkČSP 76/62 |f 1 |0 0 |1 0 |4 0 |d 2014-12-09 |l 0 |r 2026-02-21 21:14:13 |w 2026-02-21 | ||
| 952 | |t č. 1-52 |a SNK |b SNK |y PREZ |7 0 |p 17A0771613 |o snkČSA 624/43/2002 |i snkČSP 1197/2004 |f 1 |0 0 |1 0 |4 0 |d 2014-12-12 |l 0 |r 2026-02-21 21:14:14 |w 2026-02-21 | ||
| 952 | |t č. 1-52 |a SNK |b SNK |y PREZ |7 0 |p 17A0166139 |o snkČSA 624/21/1980 |i snkČSP 473/81 |f 1 |0 0 |1 0 |4 0 |d 1998-10-19 |l 0 |r 2005-01-02 00:00:00 |w 2026-02-21 | ||
| 952 | |t č. 1-52 |a SNK |b SNK |y PREZ |7 0 |p 17A0346432 |o snkČSA 624/27/1986 |i snkČSP 2555/87 |f 1 |0 0 |1 0 |4 0 |d 2002-06-21 |l 0 |r 2005-01-02 00:00:00 |w 2026-02-21 | ||
| 952 | |t č. 1-52 |a SNK |b SNK |y PREZ |7 0 |p 17A0425056 |o snkČSA 624/25/1984 |i snkČSP 148/85 |f 1 |3 rekatalogizácia |0 0 |1 0 |4 0 |d 2004-04-07 |l 0 |r 2005-01-02 00:00:00 |w 2026-02-21 | ||
| 952 | |t č. 1-52 |a SNK |b SNK |y PREZ |7 0 |p 17A0180810 |o snkČSA 624/37/1996 D1 |0 0 |1 0 |4 0 |d 1999-02-16 |l 0 |r 2005-01-02 00:00:00 |w 2026-02-21 | ||
| 952 | |t č. 1-52 |a SNK |b SNK |y PREZ |7 0 |p 17A0394076 |o snkČSA 624/38/1997 D1 |i snkČSP 747/99 |z č. 1-52 |0 0 |1 0 |4 0 |d 2003-09-08 |l 0 |r 2005-01-02 00:00:00 |w 2026-02-21 | ||
| 952 | |t č. 1-52 |a SNK |b SNK |y PREZ |7 0 |p 17A0035766 |o snkČSA 624/11/1970 |i snkČSP 473/71 |f 1 |0 0 |1 0 |4 0 |d 1997-02-07 |l 0 |r 2005-01-02 00:00:00 |w 2026-02-21 | ||
| 952 | |t č. 1-52 |a SNK |b SNK |y PREZ |7 0 |p 17A0425032 |o snkČSA 624/10/1969 |i snkČSP 377/70 |f 1 |0 0 |1 0 |4 0 |d 2004-04-07 |l 0 |r 2005-01-02 00:00:00 |w 2026-02-21 | ||
| 952 | |t č. 1-52 |a SNK |b SNK |y PREZ |7 0 |p 17A0425052 |o snkČSA 624/20/1979 |i snkČSP 104/80 |f 1 |0 0 |1 0 |4 0 |d 2004-04-07 |l 0 |r 2005-01-02 00:00:00 |w 2026-02-21 | ||
| 952 | |t č. 1-52 |a SNK |b SNK |y PREZ |7 0 |p 17A0433817 |o snkČSA 624/33/1992 D1 |i snkČSP 1952/93 |0 0 |1 0 |4 0 |d 2004-06-30 |l 0 |r 2005-01-02 00:00:00 |w 2026-02-21 | ||
| 952 | |t č. 1-51 |a SNK |b SNK |y PREZ |7 0 |p 17A0188045 |o snkČSA 624/32/1991 D1 |0 0 |1 0 |4 0 |d 1999-05-06 |l 0 |r 2005-01-02 00:00:00 |w 2026-02-21 | ||
| 952 | |t č. 1-52 |a SNK |b SNK |y PREZ |7 0 |p 17A0425040 |o snkČSA 624/37/1996 |i snkČSP 1576/97 |f 1 |0 0 |1 0 |4 0 |d 2004-04-07 |l 0 |r 2005-01-02 00:00:00 |w 2026-02-21 | ||
| 952 | |t č. 1-52 |a SNK |b SNK |y PREZ |7 0 |p 17A0193140 |o snkČSA 624/31/1990 D1 |0 0 |1 0 |4 0 |d 1999-05-06 |l 0 |r 2005-01-02 00:00:00 |w 2026-02-21 | ||
| 952 | |t č. 1-52 |a SNK |b SNK |y PREZ |7 0 |p 17A0193138 |o snkČSA 624/30/1989 D1 |0 0 |1 0 |4 0 |d 1999-05-06 |l 0 |r 2005-01-02 00:00:00 |w 2026-02-21 | ||
| 952 | |t č. 1-52 |a SNK |b SNK |y PREZ |7 0 |p 17A0188656 |o snkČSA 624/29/1988 D1 |0 0 |1 0 |4 0 |d 1999-05-06 |l 0 |r 2005-01-02 00:00:00 |w 2026-02-21 | ||
| 952 | |t č. 1-25 |a SNK |b SNK |y PREZ |7 0 |p 17A1370751 |o snkČSA 624/59/2018/1 |i snk2019/25464 |8 0 |f 1 |0 0 |1 0 |4 0 |d 2019-10-09 |l 0 |r 2026-02-21 22:00:10 |w 2026-02-21 | ||
| 952 | |t č. 26-51 |a SNK |b SNK |y PREZ |7 0 |p 17A1370752 |o snkČSA 624/59/2018/2 |i snk2019/25466 |8 0 |f 1 |0 0 |1 0 |4 0 |d 2019-10-09 |l 0 |r 2026-02-21 22:00:10 |w 2026-02-21 | ||
| 952 | |a SNK |b SNK |y PREZ |7 0 |p 17A1370753 |o snkČSA 624/59/2018/3/príl. |i snk2019/25470 |8 0 |z Prílohy: Česko - príďte k nám 2x ; Slávni lupiči ; Zmeny 2018 ; Kompas fanúšika ; Cesta do budúcnosti ; Spevník vianočných kolied ; Vzdelávanie ; Sviatočný magazín |0 0 |1 0 |4 0 |d 2019-10-09 |l 0 |r 2026-02-21 22:00:10 |w 2026-02-21 | ||
| 952 | |t č. 1-25 |a SNK |b SNK |y PREZ |7 0 |p 17A1370754 |o snkČSA 624/60/2019/1 |i snk2019/25471 |8 0 |f 1 |0 0 |1 0 |4 0 |d 2019-10-09 |l 0 |r 2026-02-21 22:00:11 |w 2026-02-21 | ||
| 952 | |t č. 26-51 |a SNK |b SNK |y PREZ |7 0 |p 17A1431942 |o snkČSA 624/60/2019/2 |i snk2020/19778 |8 0 |f 1 |0 0 |1 0 |4 0 |d 2020-10-27 |l 0 |r 2026-02-21 22:23:27 |w 2026-02-21 | ||
| 952 | |a SNK |b SNK |y PREZ |7 0 |p 17A1431945 |o snkČSA 624/60/2019/3/príl. |i snk2020/19779 |8 0 |z Príl.: My: Kompas fanúšika 2x ; Česko 2x ; Stavebný špeciál ; TOP zamesnávatelia regiónu ; Jesenný špeciál ; Špecialisti ; Vzdelávanie |0 0 |1 0 |4 0 |d 2020-10-27 |l 0 |r 2026-02-21 22:23:27 |w 2026-02-21 | ||
| 952 | |t č. 1-26 + 2 príl. |a SNK |b SNK |y PREZ |7 0 |p 17A1431941 |o snkČSA 624/61/2020/1 |i snk2020/19782 |8 0 |z Príl.: My Leto na Slôovensku v č. 25 ; Česko v č. 26 |f 1 |0 0 |1 0 |4 0 |d 2020-10-27 |l 0 |r 2026-02-21 22:23:27 |w 2026-02-21 | ||
| 952 | |t č. 1-25 |a SNK |b SNK |y PREZ |7 0 |p 17A1328225 |o snkČSA 624/56/2015/1 |i snk2018/18041 |8 0 |f 1 |0 0 |1 0 |4 0 |d 2018-09-05 |l 0 |r 2026-02-21 22:27:09 |w 2026-02-21 | ||
| 952 | |t č. 26-51 |a SNK |b SNK |y PREZ |7 0 |p 17A1328226 |o snkČSA 624/56/2015/2 |i snk2018/18042 |8 0 |f 1 |0 0 |1 0 |4 0 |d 2018-09-05 |l 0 |r 2026-02-21 22:27:09 |w 2026-02-21 | ||
| 952 | |a SNK |b SNK |y PREZ |7 0 |p 17A1328227 |o snkČSA 624/56/2015/3/príl. |i snk2018/18048 |8 0 |z Obsahuje príl.: Štúdium v Českej republike ; Pracujeme v regióne ; Svatby a slávnostné príležitosti ; Stavba, dom, byt, záhrada ; Leto a relax ; Leto ; Zamestnávatelia Považia II ; Kompas fanúšika ; Na trhu práce ; Ideme na hokej ; Slávnostné príležitosti ; Trh práce ; Auto-moto ; Pôžičky pod kontrolou ; V Európe ; Osobnosti a významné spoločnosti regiónu ; Zimné inšpirácie ; Vzdelávanie |0 0 |1 0 |4 0 |d 2018-09-05 |l 0 |r 2026-02-21 22:27:09 |w 2026-02-21 | ||
| 952 | |t č. 1-25 |a SNK |b SNK |y PREZ |7 0 |p 17A1328228 |o snkČSA 624/57/2016/1 |i snk2018/18051 |8 0 |f 1 |0 0 |1 0 |4 0 |d 2018-09-05 |l 0 |r 2026-02-21 22:27:09 |w 2026-02-21 | ||
| 952 | |t č. 26-51, neúplné |a SNK |b SNK |y PREZ |7 0 |p 17A1328229 |o snkČSA 624/57/2016/2 |i snk2018/18061 |8 0 |z Chýba č. 30 |f 1 |0 0 |1 0 |4 0 |d 2018-09-05 |l 0 |r 2026-02-21 22:27:10 |w 2026-02-21 | ||
| 952 | |a SNK |b SNK |y PREZ |7 0 |p 17A1328230 |o snkČSA 624/57/2016/3/príl. |i snk2018/18065 |8 0 |z Obsahuje príl.: Euro 2016 ; Štúdium v Českej republike ; Trh a vzdelávanie ; Zdravý začiatok roka ; Reality a bývanie ; kompas fanúšika ; Jarný magazín ; Práca a vzdelávanie ; Expresná príprava na leto ; Ideme na hokej ; Stavebný špeciál ; Čarovné Vianoce ; Vzdelávanie |0 0 |1 0 |4 0 |d 2018-09-05 |l 0 |r 2026-02-21 22:27:10 |w 2026-02-21 | ||
| 952 | |t č. 1-25 |a SNK |b SNK |y PREZ |7 0 |p 17A1328224 |o snkČSA 624/55/2014/1 |i snk2018/17980 |8 0 |f 1 |0 0 |1 0 |4 0 |d 2018-09-04 |l 0 |r 2026-02-21 22:27:14 |w 2026-02-21 | ||
| 952 | |t č. 26-51 |a SNK |b SNK |y PREZ |7 0 |p 17A1328231 |o snkČSA 624/55/2014/2 |i snk2018/18074 |8 0 |f 1 |0 0 |1 0 |4 0 |d 2018-09-05 |l 0 |r 2026-02-21 22:27:15 |w 2026-02-21 | ||
| 952 | |a SNK |b SNK |y PREZ |7 0 |p 17A1328232 |o snkČSA 624/55/2014/3/príl. |i snk2018/18079 |8 0 |z Obsahuje príl.: Zdravie a domov ; Zdravý začiatok roka ; Staviame - bývame ; Zdravie a domov ; darujeme 2 percenta z daní ; Štúdium v Českej republike ; Dobrá sila ; Svatby a slávnostné príležitosti ; Zdravie a cestovanie ; Pracujeme pre región ; Komunálne voľby 2014 ; Energie a bývanie ; Vzdelávanie ; Vianoce |0 0 |1 0 |4 0 |d 2018-09-05 |l 0 |r 2026-02-21 22:27:15 |w 2026-02-21 | ||
| 952 | |t č. 1-25 |a SNK |b SNK |y PREZ |7 0 |p 17A1328233 |o snkČSA 624/58/2017/1 |i snk2018/18154 |8 0 |z Obsahuje príl.: Vysoké školy ; Dedinský futbal ; Trh práce ; Veľká noc ; Pivo ; Cyklistika |f 1 |0 0 |1 0 |4 0 |d 2018-09-06 |l 0 |r 2026-02-21 22:27:28 |w 2026-02-21 | ||
| 952 | |t č. 26-51 |a SNK |b SNK |y PREZ |7 0 |p 17A1328234 |o snkČSA 624/58/2017/2 |i snk2018/18156 |8 0 |z Obsahuje príl.: Zločin po slovensky ; Na čom sme jazdili ; Doprava a logistika ; Recepty starej matere ; Spevník vianočných kolied ; Vianočný krížovkársky špeciál |f 1 |0 0 |1 0 |4 0 |d 2018-09-06 |l 0 |r 2026-02-21 22:27:28 |w 2026-02-21 | ||
| 952 | |a SNK |b SNK |y PREZ |7 0 |p 17A1328235 |o snkČSA 624/58/2017/3/príl. |i snk2018/18161 |8 0 |z Príl.: Štúdium v Českej republike ; Zdravý začiatok roka ; Česko ; Stavebný špeciál ; Kompas fanúšika ; V Európe ; Prvá kuchárska kniha v slovenskej reči ; ; Burza práce ; Kompas fanúšika ; Práca a vzdelávanie ; Vzdelávanie |0 0 |1 0 |4 0 |d 2018-09-06 |l 0 |r 2026-02-21 22:27:28 |w 2026-02-21 | ||


